Brachial Plexus - Statistics

General Stats
  • This quiz has been taken 14 times
  • The average score is 15 of 34
Answer Stats
Branches Muscles % Correct
Biceps brachii
100%
Brachialis
100%
Musculocutaneous Coracobrachialis
100%
Axillary Nerve Deltoid
100%
Radial Nerve Triceps brachii
100%
Extensor digitorum
83%
Brachioradialis
67%
Teres minor
67%
Extensor carpi radialis brevis
50%
Extensor carpi radialis longus
50%
Extensor carpi ulnaris
50%
Flexor carpi radialis
50%
Flexor digitorum superficialis
50%
Palmaris longus
50%
Median Nerve Pronator teres
50%
Anconeus
33%
Extensor digiti minimi
33%
Extensor indicis
33%
Extensor pollicis brevis
33%
Extensor pollicis longus
33%
Flexor carpi ulnaris
33%
Pronator quadratus
33%
Supinator
33%
Abductor digiti minimi
17%
Abductor pollicis brevis
17%
Abductor pollicis longus
17%
Ulnar Nerve Flexor digiti minimi
17%
Flexor pollicis brevis
17%
Opponens digiti minimi
17%
Opponens pollicis brevis
17%
Adductor pollicis brevis
0%
Flexor digitorum profundus (radial 1/2)
0%
Flexor digitorum profundus (ulnar 1/2)
0%
Lumbricals
0%
No matching quizzes found
Score Distribution
Percent of People with Each Score
Percentile by Number Answered
Your Score History
You have not taken this quiz